Política, cultura y sociedad en la transición democrática /
Guardado en:
| Autor principal: | |
|---|---|
| Formato: | Texto |
| Materias: | |
| Etiquetas: |
Agregar Etiqueta
Sin Etiquetas, Sea el primero en etiquetar este registro!
|
MARC
| LEADER | 00000 a a2200000 04500 | ||
|---|---|---|---|
| 001 | 10683 | ||
| 003 | |||
| 040 | |||
| 100 | |a Garretón Merino, Manuel Antonio | ||
| 245 | |a Política, cultura y sociedad en la transición democrática / |c Manuel Antonio Garretón Merino | ||
| 500 | |a También en: Nueva Sociedad. número 114, julio-agosto 1991 | ||
| 650 | |a ESTADO | ||
| 650 | |a REGIMENES POLITICOS | ||
| 650 | |a DEMOCRACIA | ||
| 650 | |a MOVIMIENTOS SOCIALES | ||
| 650 | |a EQUIDAD SOCIAL | ||
| 650 | |a SOBERANIA | ||
| 773 | |g número 180 -181; páginas199-210 | ||
| 999 | |c 22195 |d 22195 | ||
